00942cam a22002531 4500001001300000003000400013005001700017008004100034010001700075035001900092040003700111042001200148050001700160100003100177245012200208260004300330300004700373490004000420500005800460530006900518650003300587856005100620999001700671f 13000072 DLC20260227111248.0790523s1913 dcubf f000 0 eng c af 13000072  a(OCoLC)4995768 aU.S. Bur. of FisheriescNhDdDLC apremarc00aSH365.M7bM71 aMoore, Henry Frank,d1867-10aCondition and extent of the natural oyster beds and barren bottoms of Mississippi east of Biloxi.cBy H. F. Moore ... aWashington,bGovt. print. off.,c1913. a1 p. l., 41 p.bVI pl., fold. map.c23 cm.0 aU. S. Bureau of fisheries. Doc. 774 aAt head of title: Department of commerce and labor... aAlso available in digital form on the Internet Archive Web site. 0aOyster culturezMississippi.41uhttp://hdl.loc.gov/loc.gdc/scd0001.00029114560 c23207d23207